Purnells concise encyclopedia (Record no. 26582)

MARC details
000 -LEADER
fixed length control field 00266nam a2200109Ia 4500
082 ## - DEWEY DECIMAL CLASSIFICATION NUMBER
Classification number 003
Item number DEM
100 ## - MAIN ENTRY--AUTHOR NAME
Personal name Dempsey, Michael W
245 #0 - TITLE STATEMENT
Title Purnells concise encyclopedia
260 ## - PUBLICATION, DISTRIBUTION, ETC. (IMPRINT)
Place of publication Paulton
Name of publisher Purnell
942 ## - ADDED ENTRY ELEMENTS (KOHA)
Koha item type Books
Holdings
Withdrawn status Lost status Damaged status Not for loan Home library Current library Date acquired Cost, normal purchase price Full call number Accession Number Koha item type
        RRII Library RRII Library 16/12/2021 3.50 003 DEM 07215 Books